000 00414nam a2200181Ia 4500
001 19212
005 20260306171727.0
008 260306s9999||||xx |||||||||||||| ||und||
041 _aESP
082 _a658.802
_bM32
100 _aMayorga, David
_eAUT
245 0 _aEl plan de marketing
260 _c2007
300 _a134 páginas :
_c24 cm.
650 _aGEN
654 _aCAN
942 _cLIB
_dJUS
_fJUS
_2ddc
_n
999 _c19212
_d19212